[Event "Ä19"]
[Site "Loo"]
[Date "2017.04.21"]
[Round "2.5"]
[White "Ãîðîâåíêî, Äàðüÿ."]
[Black "Øàïàðü, Òàòüÿíà."]
[Result "0-1"]
[WhiteElo "2122"]
[BlackElo "1950"]
[PlyCount "74"]
[EventDate "2017.04.20"]

1. d4 d5 2. c4 e6 3. Nc3 c6 4. Nf3 dxc4 5. a4 Bb4 6. e3 b5 7. Ne5 Nf6 8. Qf3
Qd5 9. Bd2 Qxf3 10. gxf3 Nfd7 11. axb5 Bxc3 12. Bxc3 Nxe5 13. dxe5 cxb5 14. b3
Nc6 15. bxc4 b4 16. Bb2 a5 17. c5 Ba6 18. Bxa6 Rxa6 19. Ra4 Ke7 20. Ke2 Rd8 21.
Rc1 Rd5 22. f4 Ra7 23. Rc4 Rad7 24. Bd4 Kd8 25. Kf3 Kc8 26. h4 h5 27. Rc1 Kb7
28. Kg3 Ka6 29. Rca1 Kb5 30. Kf3 g6 31. Ke2 Rd8 32. Kf3 Ra8 33. Ke4 b3 34. R4a3
a4 35. Rxb3+ axb3 36. Rxa8 Rxd4+ 37. exd4 b2 0-1

[Event "Ä19"]
[Site "Loo"]
[Date "2017.04.21"]
[Round "2.6"]
[White "Ïîòàïîâà, Ìàðãàðèòà."]
[Black "Þðîâñêèõ, ßñìèí."]
[Result "1-0"]
[WhiteElo "2096"]
[BlackElo "1880"]
[PlyCount "89"]
[EventDate "2017.04.20"]

1. d4 d5 2. c4 e6 3. Nc3 Be7 4. cxd5 exd5 5. Bf4 c6 6. e3 Bf5 7. Nf3 Nf6 8. Bd3
Bxd3 9. Qxd3 Nbd7 10. O-O O-O 11. a3 a5 12. h3 Nh5 13. Bh2 f5 14. Ne2 Qc8 15.
Ne5 Nxe5 16. dxe5 g6 17. f4 Ng7 18. Bg3 Ne6 19. Be1 Qd7 20. Rd1 Rfd8 21. Qc2
Qc7 22. g4 Ng7 23. Kh1 Qd7 24. Rg1 c5 25. Kh2 Kh8 26. Rg2 Qe6 27. Bf2 b5 28.
Rdg1 a4 29. Qd3 Rab8 30. Nc3 c4 31. Qd1 b4 32. axb4 Rxb4 33. Be1 Rb3 34. Ne2
Rxe3 35. Nd4 Qf7 36. Bc3 fxg4 37. Qxg4 Kg8 38. f5 Re4 39. fxg6 hxg6 40. Qxg6
Qxg6 41. Rxg6 Bf8 42. Nf5 Rd7 43. e6 Ra7 44. Nxg7 Bxg7 45. Bxg7 1-0

[Event "Ä19"]
[Site "Loo"]
[Date "2017.04.21"]
[Round "2.7"]
[White "Êàçàê, Íàòàëüÿ."]
[Black "Áîðèñîâà, Åêàòåðèíà."]
[Result "0-1"]
[WhiteElo "1769"]
[BlackElo "2078"]
[PlyCount "80"]
[EventDate "2017.04.20"]

1. d4 Nf6 2. c4 c6 3. Nf3 d5 4. Nc3 a6 5. Qb3 e6 6. c5 Nbd7 7. Bf4 Nh5 8. Bg5
f6 9. Bh4 e5 10. e3 g5 11. Bg3 Bg7 12. Be2 Nxg3 13. hxg3 Qe7 14. O-O-O e4 15.
Nd2 Nf8 16. f3 f5 17. Na4 Be6 18. Nb6 Rd8 19. fxe4 fxe4 20. Rdf1 Ng6 21. Qa4
Bf6 22. Rh6 Kf7 23. Rfh1 Kg7 24. Qd1 Nh4 25. Rxf6 Qxf6 26. gxh4 Qf2 27. Bg4 Bf7
28. Rf1 Qxe3 29. Nd7 h5 30. Bh3 Qxd4 31. Rxf7+ Kxf7 32. Qf1+ Ke7 33. Qf5 g4 34.
Ne5 Qxc5+ 35. Kb1 Rdf8 36. Ng6+ Kd8 37. Qg5+ Kc7 38. Qe5+ Kb6 39. Nf4 Rxf4 40.
Qxf4 gxh3 0-1

[Event "Ä19"]
[Site "Loo"]
[Date "2017.04.21"]
[Round "2.9"]
[White "Ëûñåíêî, Ìàðãàðèòà."]
[Black "Ñàòàåâà, Ëàíà."]
[Result "1/2-1/2"]
[WhiteElo "2193"]
[BlackElo "1802"]
[PlyCount "85"]
[EventDate "2017.04.20"]

1. d4 d5 2. Bf4 Nf6 3. e3 Bf5 4. c4 e6 5. Nc3 Nc6 6. Nf3 Be7 7. Be2 O-O 8. h3
Nb4 9. O-O dxc4 10. Bxc4 Nbd5 11. Nxd5 Nxd5 12. Bh2 c6 13. a3 h6 14. Qe2 Bh7
15. Ne5 Bd6 16. Rac1 Qc7 17. Rfd1 Rad8 18. Kh1 Qe7 19. Nf3 Bxh2 20. Kxh2 Nf6
21. Kg1 Be4 22. Ne5 Nd5 23. Bxd5 exd5 24. f3 Bh7 25. Re1 Rfe8 26. Qf2 Qg5 27.
Rc3 f6 28. Ng4 Bf5 29. h4 Qg6 30. Nh2 Qf7 31. Qg3 Re7 32. Nf1 Rde8 33. Qf2 Qg6
34. Qg3 Qf7 35. b4 a6 36. Nd2 g5 37. hxg5 hxg5 38. Kf2 Qg6 39. a4 Bc2 40. a5
Bf5 41. Nb3 Bc8 42. Nc5 Rh7 43. Rcc1 1/2-1/2

[Event "Ä19"]
[Site "Loo"]
[Date "2017.04.21"]
[Round "2.10"]
[White "Áî÷àðîâà, Àíàñòàñèÿ."]
[Black "Êîð÷àãèíà, Àëåíà."]
[Result "1/2-1/2"]
[WhiteElo "1797"]
[BlackElo "2119"]
[PlyCount "128"]
[EventDate "2017.04.20"]

1. Nf3 c5 2. c4 Nf6 3. Nc3 e6 4. g3 b6 5. Bg2 Bb7 6. O-O Be7 7. d3 O-O 8. Rb1
d6 9. a3 Nbd7 10. b4 Rc8 11. Bd2 Qc7 12. Qb3 Qb8 13. Rfc1 d5 14. cxd5 Nxd5 15.
Nxd5 Bxd5 16. Qb2 Bf6 17. Bc3 Bxc3 18. Qxc3 Qa8 19. Qb2 Rfd8 20. Rc3 cxb4 21.
axb4 Rxc3 22. Qxc3 Rc8 23. Qb2 a5 24. e4 Bc6 25. Nd2 a4 26. b5 Bb7 27. Qa3 Nc5
28. Rb4 Qb8 29. d4 Nb3 30. Nxb3 axb3 31. Rxb3 Rd8 32. Rd3 Qc7 33. Qb3 h5 34. d5
exd5 35. exd5 Qe5 36. Qd1 h4 37. Bf3 h3 38. Qe2 Qxe2 39. Bxe2 Rxd5 40. f4 Kf8
41. Rxd5 Bxd5 42. Kf2 Ke7 43. Ke3 Kd6 44. Kd4 Bg2 45. g4 f6 46. g5 Ke6 47. Bg4+
Kd6 48. Bh5 Bf1 49. Be8 Ke6 50. gxf6 gxf6 51. Bc6 Bg2 52. Be4 Bf1 53. Bc6 Kf5
54. Ke3 Kg4 55. Bd7+ f5 56. Be8 Bg2 57. Bc6 Bf1 58. Bf3+ Kh4 59. Be2 Bg2 60.
Kd4 Bf3 61. Bd3 Be2 62. Bxf5 Bxb5 63. Be6 Be2 64. f5 Bg4 1/2-1/2

[Event "Ä19"]
[Site "Loo"]
[Date "2017.04.21"]
[Round "2.11"]
[White "Êîøåïàðîâà, Òàòüÿíà."]
[Black "×èñòÿêîâà, Äàðüÿ."]
[Result "1/2-1/2"]
[WhiteElo "2074"]
[BlackElo "1893"]
[PlyCount "101"]
[EventDate "2017.04.20"]

1. e4 e5 2. Nf3 Nc6 3. Bc4 Nf6 4. d4 exd4 5. e5 d5 6. Bb5 Ne4 7. Nxd4 Bd7 8.
Bxc6 bxc6 9. O-O Bc5 10. f3 Ng5 11. f4 Ne4 12. Be3 Qb8 13. Nc3 Qxb2 14. Nxe4
dxe4 15. Rb1 Qxa2 16. Kh1 O-O 17. Nxc6 Bxc6 18. Bxc5 Rfd8 19. Qg4 Qe6 20. f5
Qxe5 21. f6 g6 22. Be3 Rd6 23. Qh4 h5 24. Qf2 Re6 25. Bd4 e3 26. Bxe5 exf2 27.
Bd4 Re2 28. c3 a6 29. Rxf2 Rae8 30. Kg1 Bb5 31. h3 Rxf2 32. Kxf2 Re2+ 33. Kf3
Rd2 34. g3 c6 35. h4 Rd3+ 36. Kf2 c5 37. Bxc5 Rxc3 38. Bb4 Rc2+ 39. Ke3 Re2+
40. Kf4 Kh7 41. Kf3 Re6 42. Be7 Re5 43. Rb3 g5 44. hxg5 Rxg5 45. Ra3 Kg6 46.
Ke4 Rf5 47. Re3 Bc6+ 48. Kd4 Kg5 49. Rc3 Bd7 50. Rc5 Rxc5 51. Kxc5 1/2-1/2

[Event "Ä19"]
[Site "Loo"]
[Date "2017.04.21"]
[Round "2.12"]
[White "Áî÷àðîâà, Óëüÿíà."]
[Black "Ìàòþêîâà, Óëüÿíà."]
[Result "1/2-1/2"]
[WhiteElo "1852"]
[BlackElo "1984"]
[PlyCount "85"]
[EventDate "2017.04.20"]

1. c4 e5 2. Nc3 Nf6 3. g3 d5 4. cxd5 Nxd5 5. Bg2 Nb6 6. Nf3 Nc6 7. d3 Be7 8.
O-O O-O 9. a3 Be6 10. b4 Nd4 11. Nxd4 exd4 12. Ne4 Bd5 13. Bb2 f5 14. Nd2 Bxg2
15. Kxg2 a5 16. Qb3+ Kh8 17. Nf3 Bf6 18. Rfc1 Re8 19. Rc5 Rxe2 20. bxa5 Rxb2
21. Qxb2 Na4 22. Qc2 Nxc5 23. Qxc5 c6 24. Re1 h6 25. Qxf5 Rxa5 26. Re8+ Qxe8
27. Qxa5 b5 28. a4 bxa4 29. Qxa4 Qd7 30. Qc4 Qd5 31. Qxd5 cxd5 32. Ne1 Kg8 33.
f4 g6 34. g4 Kf7 35. Nf3 Ke6 36. Kf2 Kd6 37. Ke2 g5 38. f5 Kc5 39. Kd2 Kb4 40.
Kc2 Ka3 41. h3 Ka2 42. Nd2 Ka3 43. Nf3 1/2-1/2

[Event "Ä19"]
[Site "Loo"]
[Date "2017.04.21"]
[Round "2.13"]
[White "Êîïîâàÿ, Àëåêñàíäðà."]
[Black "Òèìàêîâà, Ìàðèÿ."]
[Result "1/2-1/2"]
[WhiteElo "1958"]
[BlackElo "1828"]
[PlyCount "82"]
[EventDate "2017.04.20"]

1. c4 d6 2. Nc3 f5 3. d4 Nf6 4. Nf3 g6 5. e3 Bg7 6. Be2 O-O 7. O-O Nc6 8. d5
Ne5 9. Nd4 e6 10. dxe6 c6 11. h3 d5 12. cxd5 cxd5 13. Qb3 Nc6 14. Rd1 Qe7 15.
Bf3 Nxd4 16. exd4 Bxe6 17. Bg5 Qf7 18. Bxf6 Bxf6 19. Bxd5 Bxd5 20. Qxd5 Rad8
21. Qc5 b6 22. Qb4 Qg7 23. d5 Rd7 24. Rd3 Be5 25. Rad1 Bd6 26. Qa4 Rfd8 27. Nb5
Qxb2 28. Nxd6 Rxd6 29. Qxa7 Qb5 30. Qe7 Qd7 31. Qe5 Re8 32. Qb2 Re4 33. Rd4 Qg7
34. Qd2 Re5 35. Qc2 Qe7 36. Qc3 Qd7 37. R4d2 Re4 38. Qb3 Kf7 39. Qb2 Kg8 40.
Qb3 Kf7 41. Qc3 Kg8 1/2-1/2

[Event "Ä19"]
[Site "Loo"]
[Date "2017.04.21"]
[Round "2.14"]
[White "Ìàðòûíþê, Åëèçàâåòà."]
[Black "Àëåêñååâà, Àíãåëèíà."]
[Result "1-0"]
[WhiteElo "2165"]
[BlackElo "1714"]
[PlyCount "121"]
[EventDate "2017.04.20"]

1. e4 d5 2. exd5 Qxd5 3. Nc3 Qa5 4. d4 Nf6 5. Bd2 c6 6. Nf3 Bf5 7. Bc4 e6 8.
O-O Nbd7 9. Ne4 Qc7 10. Ng3 Bg6 11. Re1 Bd6 12. c3 O-O 13. Qe2 Nd5 14. Ne5 Nxe5
15. dxe5 Bc5 16. h4 h6 17. b4 Be7 18. Qg4 Kh8 19. Bb3 Rad8 20. Rad1 Rd7 21. h5
Bh7 22. a3 Rfd8 23. c4 Nb6 24. Bc3 Rd3 25. Rxd3 Rxd3 26. Ne2 Bg5 27. c5 Nd5 28.
Bxd5 cxd5 29. f3 Qe7 30. Qh3 Be3+ 31. Kf1 Qg5 32. g3 Bf5 33. g4 Bh7 34. Qg3 Bd2
35. Rd1 Bxc3 36. Rxd3 Bxd3 37. f4 Bxe5 38. Qxd3 Bxf4 39. Qf3 Bd2 40. b5 Kg8 41.
c6 bxc6 42. bxc6 Qe5 43. Qf2 Be3 44. c7 Bxf2 45. c8=Q+ Kh7 46. Qc2+ Kg8 47.
Kxf2 Qh2+ 48. Kf3 Qh3+ 49. Ng3 Qh4 50. Qc8+ Kh7 51. Qd7 Qf6+ 52. Kg2 Qb2+ 53.
Kh3 Qxa3 54. Qxf7 Qe3 55. Qg6+ Kh8 56. Qc2 d4 57. Qe4 Qc3 58. Qa8+ Kh7 59. Qxa7
e5 60. Qb7 d3 61. Ne4 1-0

[Event "Ä19"]
[Site "Loo"]
[Date "2017.04.21"]
[Round "2.15"]
[White "Ìàðòûíîâà, Àíàñòàñèÿ."]
[Black "Àëåêñååâà, Þëèÿ."]
[Result "1/2-1/2"]
[WhiteElo "1987"]
[BlackElo "1850"]
[PlyCount "126"]
[EventDate "2017.04.20"]

1. d4 Nf6 2. c4 g6 3. Nc3 Bg7 4. Nf3 O-O 5. Bg5 d6 6. e3 Nbd7 7. Be2 h6 8. Bh4
c6 9. Qc2 Qc7 10. O-O e5 11. Rfd1 g5 12. Bg3 Nh5 13. Nxg5 hxg5 14. Bxh5 f5 15.
h3 Nf6 16. Be2 f4 17. Bh2 Qf7 18. c5 exd4 19. exd4 d5 20. Bd3 Qh5 21. Bg6 Qh6
22. Bf5 g4 23. Bxc8 Raxc8 24. Qf5 gxh3 25. Bxf4 h2+ 26. Kh1 Qh4 27. Bg3 Qg4 28.
Qxg4 Nxg4 29. f3 Ne3 30. Rd3 Nf5 31. Be5 Rce8 32. Re1 Nxd4 33. f4 Rxf4 34. Rg3
Rf7 35. Kxh2 Nf5 36. Rg5 Kh7 37. Bg3 Rxe1 38. Bxe1 Be5+ 39. Kg1 Bd4+ 40. Bf2
Ne3 41. Nd1 Rxf2 42. Nxf2 Nd1 43. Rf5 Nxf2 44. Rf7+ Kg6 45. Rxb7 Nd3+ 46. Kf1
Bxc5 47. Ke2 Nc1+ 48. Kf3 Nxa2 49. Rc7 Nb4 50. g4 Bd4 51. b3 Bf6 52. Rxa7 Nd3
53. Ra8 c5 54. Rc8 Ne5+ 55. Kf4 Nd7 56. Rc6 Ne5 57. Rd6 Nd3+ 58. Ke3 Nb4 59.
Kf4 Nd3+ 60. Ke3 Nb4 61. Kf4 Nd3+ 62. Ke3 Nb4 63. Kf4 Nd3+ 1/2-1/2

[Event "Ä19"]
[Site "Loo"]
[Date "2017.04.21"]
[Round "2.16"]
[White "Ñàôèþëëèíà, Äèíàðà."]
[Black "Òóêàåâà, Àäåëÿ."]
[Result "0-1"]
[WhiteElo "1839"]
[BlackElo "1970"]
[PlyCount "108"]
[EventDate "2017.04.20"]

1. d4 Nf6 2. Nf3 e6 3. c4 b6 4. a3 Bb7 5. Nc3 Be7 6. Bf4 Nh5 7. Bd2 f5 8. e3
O-O 9. Bd3 Qe8 10. Nb5 Bd8 11. Nc3 d6 12. O-O Qg6 13. Qe2 Nf6 14. Rfe1 Ne4 15.
Bc1 Nd7 16. Bxe4 fxe4 17. Nd2 Bh4 18. Rf1 Rf7 19. d5 exd5 20. cxd5 Raf8 21.
Ndxe4 Nc5 22. Ng3 Ba6 23. Nb5 Nd3 24. a4 Bxg3 25. hxg3 Rxf2 26. Rxf2 Rxf2 27.
Qxf2 Nxf2 28. Kxf2 Qf5+ 29. Ke1 Qxd5 30. Nxc7 Qxg2 31. Nxa6 Qxg3+ 32. Ke2 Qg4+
33. Ke1 Qh4+ 34. Kd2 Qc4 35. Nb8 Qc8 36. b3 Qxb8 37. Bb2 Qf8 38. Bd4 Qf7 39. b4
h5 40. a5 h4 41. Bxb6 axb6 42. a6 Qd5+ 43. Ke2 h3 44. a7 Qa8 45. Kd2 h2 46. e4
Qxa7 47. Rxa7 h1=Q 48. Kd3 Qb1+ 49. Kc4 Qxe4+ 50. Kb5 Qd5+ 51. Ka6 b5 52. Rb7
Qc6+ 53. Rb6 Qxb6+ 54. Kxb6 g5 0-1

[Event "Ä19"]
[Site "Loo"]
[Date "2017.04.21"]
[Round "2.17"]
[White "Þðêèíà, Àíàñòàñèÿ."]
[Black "Äîëãàåâà, Åâãåíèÿ."]
[Result "0-1"]
[WhiteElo "1812"]
[BlackElo "1946"]
[PlyCount "80"]
[EventDate "2017.04.20"]

1. d4 Nf6 2. Nf3 g6 3. g3 Bg7 4. Bg2 O-O 5. c4 c5 6. e3 cxd4 7. exd4 d5 8. Ne5
dxc4 9. Nxc4 Bg4 10. Qd3 Bf5 11. Qd1 Nc6 12. Be3 Nb4 13. Nba3 Nd3+ 14. Kf1 h5
15. Qb3 Nd5 16. Nc2 a5 17. a4 N3b4 18. N2a3 Rc8 19. Rc1 Nd3 20. Rd1 N5b4 21. d5
Nc5 22. Bxc5 Rxc5 23. Ne3 Bd7 24. Nac2 Nxc2 25. Nxc2 b5 26. Nd4 bxa4 27. Qe3
Rc4 28. Bf3 Bh3+ 29. Ke2 Qd6 30. Nc6 Bf6 31. Rc1 Rxc1 32. Qxc1 e6 33. Rd1 exd5
34. Rxd5 Re8+ 35. Kd1 Qe6 36. Qd2 Qxc6 37. Rd3 Bg4 38. Bxg4 hxg4 39. Rd6 Qf3+
40. Kc2 Re2 0-1

[Event "Ä19"]
[Site "Loo"]
[Date "2017.04.21"]
[Round "2.18"]
[White "Ïåðôèëîâà, Ìàðèÿ."]
[Black "Êèñåëåâà, Åêàòåðèíà."]
[Result "0-1"]
[WhiteElo "1895"]
[BlackElo "1808"]
[PlyCount "100"]
[EventDate "2017.04.20"]

1. e4 c6 2. Nc3 d5 3. Nf3 dxe4 4. Nxe4 Bf5 5. Ng3 Bg6 6. h4 h6 7. h5 Bh7 8. Bc4
e6 9. d4 Nf6 10. Bd3 Bxd3 11. Qxd3 Bd6 12. Bd2 Qc7 13. Ne4 Nxe4 14. Qxe4 Nd7
15. O-O-O O-O-O 16. c4 Nf6 17. Qc2 c5 18. Kb1 Kb8 19. Rh4 Ka8 20. Be3 a6 21.
Nd2 cxd4 22. Bxd4 Bc5 23. Nf3 Bxd4 24. Rdxd4 Rxd4 25. Nxd4 Rd8 26. Ne2 Qa5 27.
Rh1 Rd2 28. Qc3 Qf5+ 29. Ka1 Rxe2 30. Rd1 Qe5 31. Qb4 Ka7 32. c5 Nd5 33. Qb3
Re1 34. a3 Rxd1+ 35. Qxd1 Qc7 36. Qd4 Nf6 37. g4 e5 38. Qc4 Qd7 39. Qb4 Qd1+
40. Ka2 Qd5+ 41. Ka1 Nd7 42. c6 Qxc6 43. Qe1 Qf3 44. Qd2 Qxg4 45. f3 Qf5 46.
Qe3+ Ka8 47. Qc3 Qxh5 48. Qc8+ Nb8 49. Qc7 Qf5 50. Qd6 h5 0-1

[Event "Ä19"]
[Site "Loo"]
[Date "2017.04.21"]
[Round "2.19"]
[White "Ãðåõí¸âà, ßíà."]
[Black "Äîðîôååâà, Íúóðãóéààíà."]
[Result "1-0"]
[WhiteElo "1881"]
[BlackElo "1778"]
[PlyCount "79"]
[EventDate "2017.04.20"]

1. d4 d5 2. c4 e6 3. Nc3 c6 4. Nf3 dxc4 5. e3 b5 6. a4 Bb4 7. Bd2 a5 8. axb5
Bxc3 9. Bxc3 cxb5 10. b3 Bb7 11. bxc4 b4 12. Bd2 Nf6 13. Bd3 Ne4 14. O-O O-O
15. Be1 Nd7 16. Qc2 f5 17. Kh1 Rb8 18. Ng1 Bc6 19. Qb2 Nd6 20. f3 Nf6 21. Bg3
Ra8 22. Ne2 Nh5 23. Bf2 Rf7 24. c5 Ne8 25. e4 Nc7 26. Qb3 fxe4 27. fxe4 Qf8 28.
Ng3 Nf4 29. Bc4 Bb5 30. Be3 Bxc4 31. Qxc4 Ng6 32. d5 exd5 33. exd5 Re8 34. Bd4
Ne5 35. Bxe5 Rxe5 36. d6 Ne6 37. Rxf7 Qxf7 38. Ne4 Qf4 39. d7 Kh8 40. Qxe6 1-0

[Event "Ä19"]
[Site "Loo"]
[Date "2017.04.21"]
[Round "2.20"]
[White "Äåì÷åíêî, Àëèñà."]
[Black "Áîëèåâà, Ìàðèÿ."]
[Result "1-0"]
[WhiteElo "1876"]
[BlackElo "1278"]
[PlyCount "57"]
[EventDate "2017.04.20"]

1. d4 d5 2. c4 c6 3. Nf3 Bf5 4. Nc3 Nf6 5. g3 e6 6. Nh4 Bg6 7. Nxg6 hxg6 8. Qb3
b6 9. Bg2 Bd6 10. O-O Qc7 11. e4 dxe4 12. Nxe4 Nxe4 13. Bxe4 Rh5 14. Bf3 Rh7
15. Bg5 Nd7 16. Rac1 Nf6 17. d5 Nh5 18. dxe6 f6 19. Be4 f5 20. Bg2 Nf6 21. Qa4
Rc8 22. c5 Bxc5 23. b4 b5 24. Qa6 Rh5 25. Rxc5 Qd8 26. Bxc6+ Ke7 27. Bf4 Qh8
28. Qxa7+ Kd8 29. e7# 1-0

[Event "Ä19"]
[Site "Loo"]
[Date "2017.04.21"]
[Round "2.21"]
[White "Ñåðåãèíà, Ìàðèÿ."]
[Black "Ìóõòàðîâà, Àíàñòàñèÿ."]
[Result "0-1"]
[WhiteElo "1804"]
[BlackElo "1859"]
[PlyCount "64"]
[EventDate "2017.04.20"]

1. d4 Nf6 2. c4 e6 3. Nc3 Bb4 4. a3 Bxc3+ 5. bxc3 c5 6. f3 d6 7. e3 Nc6 8. Bd3
O-O 9. Ra2 b6 10. g4 Ba6 11. Rg2 Na5 12. Qe2 e5 13. d5 e4 14. fxe4 Qe7 15. g5
Nxe4 16. Qc2 f5 17. h4 Bxc4 18. Bxc4 Nxc4 19. Ne2 Rae8 20. O-O Qe5 21. Qa4 Nxe3
22. Bxe3 Nxc3 23. Nxc3 Qxe3+ 24. Rgf2 Qxc3 25. Rxf5 Qe3+ 26. Kg2 Rxf5 27. Rxf5
Re4 28. Qd1 Rxh4 29. Rf3 Rg4+ 30. Kh2 Qxg5 31. Qf1 Qe5+ 32. Kh1 Qh5+ 0-1

[Event "Ì17Ï"]
[Site "Loo"]
[Date "2017.04.21"]
[Round "2.1"]
[White "Äóáèíèí, Àëåêñàíäð."]
[Black "Íàêîíå÷íûé, Èãíàò."]
[Result "1-0"]
[WhiteElo "2165"]
[BlackElo "1977"]
[PlyCount "99"]
[EventDate "2017.04.20"]

1. e4 c5 2. Nf3 d6 3. d4 cxd4 4. Nxd4 Nf6 5. Nc3 a6 6. h3 e5 7. Nde2 Nc6 8. g4
b5 9. Bg2 b4 10. Nd5 Nxd5 11. Qxd5 Qc7 12. O-O Bb7 13. Qd3 Be7 14. Be3 O-O 15.
c4 Rfd8 16. Rac1 a5 17. Ng3 g6 18. Ne2 a4 19. Qc2 Rdc8 20. Kh1 b3 21. axb3 Nb4
22. Qd1 Na2 23. Ra1 axb3 24. Qxb3 Ba6 25. Qxa2 Bxc4 26. Qxa8 Rxa8 27. Rxa8+ Kg7
28. Rc1 Qb7 29. Ra7 Qb3 30. Nc3 Bh4 31. Nd5 Qd3 32. Kh2 Qb3 33. Rc3 Qb5 34. b3
Bxd5 35. exd5 e4 36. Bxe4 Qe8 37. Bd4+ Bf6 38. Bxf6+ Kxf6 39. Re3 Qe5+ 40. Kg2
Qb2 41. Bf3 h6 42. Ra6 Kg5 43. Kg3 f5 44. h4+ Kf6 45. Rxd6+ Kf7 46. gxf5 gxf5
47. Bh5+ Kf8 48. Re8+ Kg7 49. Rd7+ Kf6 50. Re6# 1-0

[Event "Ì17Ï"]
[Site "Loo"]
[Date "2017.04.21"]
[Round "2.2"]
[White "Îâñÿíþê, Äìèòðèé."]
[Black "Ðîãîöêèé, Þðèé."]
[Result "1/2-1/2"]
[WhiteElo "2095"]
[BlackElo "1960"]
[PlyCount "101"]
[EventDate "2017.04.20"]

1. e4 c5 2. Nf3 d6 3. d4 cxd4 4. Nxd4 Nf6 5. Nc3 a6 6. Bg5 Nbd7 7. Qd2 e6 8.
O-O-O Be7 9. f3 Qc7 10. Kb1 b5 11. Bd3 Bb7 12. h4 Ne5 13. Bxf6 Bxf6 14. Bxb5+
axb5 15. Ndxb5 Qb6 16. Qxd6 Qxd6 17. Nxd6+ Ke7 18. Nxb7 Nc4 19. Nc5 Rhc8 20.
Nb3 Bxc3 21. bxc3 Nb6 22. Rd4 Na4 23. c4 e5 24. Rd5 Nc3+ 25. Kb2 Rxc4 26. Rxe5+
Kf6 27. Ra5 Rac8 28. Re1 Ke7 29. g4 Na4+ 30. Ka3 Nb6 31. Ra7+ Ke8 32. Ra6 R4c6
33. Rxb6 Rxb6 34. Kb2 Rbc6 35. Re2 Rc3 36. Nd4 R3c4 37. Nf5 Kf8 38. Rd2 Rb8+
39. Kc1 Ra4 40. Rd7 Rxa2 41. Nd6 f6 42. Kd2 Raa8 43. Ke3 Rd8 44. Rxd8+ Rxd8 45.
Nf5 Kf7 46. h5 g6 47. hxg6+ hxg6 48. Nd4 Ra8 49. Ne2 g5 50. Kd3 Ke6 51. c3
1/2-1/2

[Event "Ì17Ï"]
[Site "Loo"]
[Date "2017.04.21"]
[Round "2.3"]
[White "Ñèâÿêîâ, Ãåîðãèé."]
[Black "Ìèøèí, Âÿ÷åñëàâ."]
[Result "0-1"]
[WhiteElo "1959"]
[BlackElo "2092"]
[PlyCount "70"]
[EventDate "2017.04.20"]

1. e4 d5 2. exd5 Nf6 3. Bb5+ Bd7 4. Bc4 b5 5. Bb3 Bg4 6. Nf3 Nxd5 7. h3 Bh5 8.
Qe2 e6 9. d4 c6 10. O-O Be7 11. Nbd2 O-O 12. Ne4 Nd7 13. c3 N7f6 14. Ng3 Bg6
15. Ne5 Qc7 16. h4 Bd6 17. h5 Bf5 18. Nxf5 exf5 19. Nd3 Rfe8 20. Qf3 g6 21. Bg5
Ne4 22. Bh6 Ndf6 23. hxg6 hxg6 24. Qh3 Ng4 25. g3 Kh7 26. Bf8+ Kg8 27. Bxd6
Qxd6 28. f3 Ng5 29. Qh4 Kg7 30. Nf4 f6 31. Nh5+ gxh5 32. fxg4 Re3 33. Kg2 Ne4
34. Rf3 Rxf3 35. Kxf3 hxg4+ 0-1

[Event "Ì17Ï"]
[Site "Loo"]
[Date "2017.04.21"]
[Round "2.4"]
[White "Çàáîëîòíîâ, Åâãåíèé."]
[Black "Ìîñêâèí, Àíàòîëèé."]
[Result "1/2-1/2"]
[WhiteElo "2087"]
[BlackElo "1952"]
[PlyCount "96"]
[EventDate "2017.04.20"]

1. d4 Nf6 2. c4 c5 3. d5 b5 4. Nf3 g6 5. cxb5 a6 6. e3 d6 7. Nc3 Bg7 8. a4 O-O
9. Bd2 Nbd7 10. Be2 axb5 11. axb5 Rxa1 12. Qxa1 Nb6 13. e4 Bg4 14. O-O Qc7 15.
Qc1 Bxf3 16. Bxf3 Nc4 17. Bf4 Nd7 18. Be2 Ncb6 19. Bh6 Ra8 20. Bxg7 Kxg7 21. f4
f6 22. Qe3 c4 23. Rc1 Qc5 24. Qxc5 Nxc5 25. Kf2 Nca4 26. Ra1 Nxb2 27. Rxa8 Nxa8
28. Ke3 Kf7 29. Kd2 Nb6 30. Kc2 N2a4 31. Nxa4 Nxa4 32. Bxc4 Ke8 33. Kd3 Kd7 34.
Kd4 Nb6 35. Bb3 Kc7 36. h4 Nd7 37. Bd1 Kb6 38. Be2 h6 39. h5 g5 40. g3 Nc5 41.
Ke3 Ka5 42. Kf3 Nb3 43. Kg4 Nd4 44. Bd3 Kb6 45. Kh3 Kc5 46. Kg4 Kb6 47. Kh3 Nf3
48. Kg4 Nd4 1/2-1/2

[Event "Ì17Ï"]
[Site "Loo"]
[Date "2017.04.21"]
[Round "2.5"]
[White "Øèðøîâ, Íèêîëàé."]
[Black "Êûøòûìîâ, Äàíèèë."]
[Result "1-0"]
[WhiteElo "1931"]
[BlackElo "2082"]
[PlyCount "75"]
[EventDate "2017.04.20"]

1. d4 Nf6 2. c4 g6 3. Nc3 Bg7 4. e4 d6 5. Bg5 O-O 6. h3 Nbd7 7. Nf3 e5 8. d5 h6
9. Be3 Nc5 10. Nd2 a5 11. g4 Ne8 12. h4 f5 13. exf5 gxf5 14. g5 Qe7 15. gxh6
Bh8 16. Rg1+ Kh7 17. Nf3 Bf6 18. Ng5+ Bxg5 19. hxg5 Rg8 20. Qh5 Rg6 21. O-O-O
Qf8 22. f4 exf4 23. Bxc5 dxc5 24. Bd3 Nd6 25. Ne2 Qe7 26. Rdf1 Qe3+ 27. Kc2 Ne4
28. Nxf4 Raa6 29. Bxe4 Qxe4+ 30. Kc1 Qxc4+ 31. Kb1 Rab6 32. Qe2 Qxe2 33. Nxe2
Bd7 34. Nf4 Rbd6 35. Re1 Rg8 36. Re7+ Kh8 37. g6 Bb5 38. Rh7# 1-0

[Event "Ì17Ï"]
[Site "Loo"]
[Date "2017.04.21"]
[Round "2.6"]
[White "Ñåòþêîâ, Ðàäåëü."]
[Black "Øåìÿêèí, Âàëåðèé."]
[Result "0-1"]
[WhiteElo "1916"]
[BlackElo "2039"]
[PlyCount "178"]
[EventDate "2017.04.20"]

1. d4 Nf6 2. c4 e6 3. Nf3 Bb4+ 4. Bd2 Qe7 5. a3 Bxd2+ 6. Qxd2 b6 7. Nc3 Bb7 8.
e3 d6 9. Bd3 e5 10. dxe5 dxe5 11. e4 Nbd7 12. Nd5 Nxd5 13. cxd5 O-O 14. O-O c6
15. Rad1 cxd5 16. exd5 Qd6 17. Rfe1 Rfd8 18. Bf5 f6 19. Be6+ Kh8 20. Nh4 Nc5
21. Nf5 Qf8 22. Qb4 Re8 23. Qg4 g6 24. Nh4 Rad8 25. Qh3 Qg7 26. f4 exf4 27. b4
Nxe6 28. dxe6 f5 29. Nf3 Rxd1 30. Rxd1 Bxf3 31. Qxf3 Qf6 32. Qxf4 Qxe6 33. Qd4+
Kg8 34. b5 Kf7 35. a4 Re7 36. h3 Qe3+ 37. Qxe3 Rxe3 38. Rd7+ Re7 39. Rd8 Kf6
40. Rd6+ Ke5 41. Rc6 Rd7 42. Kf2 g5 43. g3 Rd2+ 44. Ke3 Ra2 45. Rh6 Rxa4 46.
Rxh7 Ra3+ 47. Kf2 Rb3 48. Rxa7 Rxb5 49. h4 gxh4 50. gxh4 Kf4 51. Ra4+ Ke5 52.
Ra7 Rb2+ 53. Kf3 Rb3+ 54. Kf2 b5 55. h5 Kf4 56. h6 Rh3 57. h7 b4 58. Kg2 Rh4
59. Rb7 Kg5 60. Rg7+ Kf6 61. Rb7 b3 62. Rxb3 Rxh7 63. Kg3 Ra7 64. Kf3 Kg5 65.
Kg3 Ra1 66. Rc3 Rg1+ 67. Kf3 Rh1 68. Kg2 Rh7 69. Rg3+ Kf4 70. Rf3+ Ke4 71. Ra3
Rb7 72. Ra4+ Ke3 73. Ra3+ Kf4 74. Ra4+ Kg5 75. Ra3 Kg4 76. Rg3+ Kf4 77. Rf3+
Ke4 78. Ra3 Rb2+ 79. Kf1 Kf4 80. Ra4+ Kg3 81. Ra3+ Kg4 82. Ra4+ f4 83. Ra8 Kg3
84. Ra7 Rb1+ 85. Ke2 f3+ 86. Ke3 Re1+ 87. Kd2 Re6 88. Rg7+ Kf2 89. Rh7 Rd6+ 0-1

[Event "Ì17Ï"]
[Site "Loo"]
[Date "2017.04.21"]
[Round "2.7"]
[White "Íîâèêîâ, Ñåðãåé."]
[Black "Âåòîõèí, Èëüÿ."]
[Result "1-0"]
[WhiteElo "2036"]
[BlackElo "1913"]
[PlyCount "91"]
[EventDate "2017.04.20"]

1. d4 Nf6 2. c4 g6 3. Nc3 Bg7 4. e4 d6 5. Be2 O-O 6. Nf3 c5 7. d5 e6 8. O-O
exd5 9. cxd5 Re8 10. Nd2 Na6 11. f3 Rb8 12. a4 Nc7 13. Nc4 b6 14. Bf4 Bf8 15.
e5 Nh5 16. Qd2 Nxf4 17. Qxf4 Bb7 18. Rad1 dxe5 19. Nxe5 Qe7 20. Ng4 Bg7 21. Bc4
Bd4+ 22. Rxd4 cxd4 23. Qxd4 Qc5 24. Nf6+ Kh8 25. Qxc5 bxc5 26. Nxe8 Rxe8 27.
Rd1 Rd8 28. Ne4 Ba6 29. Ba2 c4 30. Nc5 Rd6 31. Nxa6 Nxa6 32. Bxc4 Nb4 33. Kf2
Kg7 34. Ke3 a5 35. Rd2 Kf6 36. Kd4 Rd8 37. Kc5 h5 38. Bb5 Rc8+ 39. Bc6 h4 40.
Kb6 Rd8 41. Kc7 Nxc6 42. Kxc6 h3 43. d6 Kf5 44. g3 g5 45. Kc7 Rh8 46. d7 1-0

[Event "Ì17Ï"]
[Site "Loo"]
[Date "2017.04.21"]
[Round "2.8"]
[White "Çàâüÿëîâ, Íèêèòà."]
[Black "Áóðõàíîâ, Âàñèëèé."]
[Result "1/2-1/2"]
[WhiteElo "1908"]
[BlackElo "2026"]
[PlyCount "93"]
[EventDate "2017.04.20"]

1. e4 e5 2. Nf3 Nc6 3. d4 exd4 4. Nxd4 Qh4 5. Nb5 Qxe4+ 6. Be2 Bb4+ 7. Bd2 Kd8
8. O-O Nf6 9. N1c3 Bxc3 10. Nxc3 Qe5 11. Re1 d6 12. h3 Be6 13. Ba6 Qa5 14. Bxb7
Kd7 15. Bxa8 Rxa8 16. Be3 Nb4 17. Rc1 g5 18. a3 Nbd5 19. Nxd5 Bxd5 20. c4 Bc6
21. c5 g4 22. cxd6 cxd6 23. Qc2 Qd5 24. Qxc6+ Qxc6 25. Rxc6 Kxc6 26. Bd4 Nd5
27. hxg4 a5 28. g3 Rg8 29. Re4 Kd7 30. Kg2 Rc8 31. g5 Rg8 32. Bf6 Rg6 33. Kf3
Rg8 34. Ra4 Nxf6 35. gxf6 Rg5 36. Kf4 Re5 37. Re4 Ke6 38. Rxe5+ dxe5+ 39. Kg5
a4 40. f3 h6+ 41. Kxh6 Kxf6 42. g4 Ke7 43. Kg7 Ke6 44. g5 Ke7 45. g6 fxg6 46.
Kxg6 Ke6 47. Kg5 1/2-1/2